Largest Countries Entirely in the Western Hemisphere - Statistics

General Stats
  • This quiz has been taken 83 times
    82 since last reset
  • The average score is 8 of 10
Answer Stats
Area (Sq. Km) Country % Correct
9,984,670 Canada
100%
1,964,375 Mexico
95%
8,514,877 Brazil
94%
2,780,400 Argentina
92%
1,138,914 Colombia
89%
756,102 Chile
86%
1,285,216 Peru
85%
912,050 Venezuela
84%
1,098,581 Bolivia
80%
1,030,000 Mauritania
23%
No matching quizzes found
Score Distribution
Percent of People with Each Score
Percentile by Number Answered
Your Score History
You have not taken this quiz since the last reset